Statistics for Danske Europa- og primærruter - Map Quiz

Click here to take the quiz!

General Stats

  • This quiz has been taken 94 times
  • The average score is 12 of 47

Answers on the Map

Answers color-coded by a green-red scale on the quiz's map according to % correct below.
 

Answer Stats

Answer% Correct
E47
73%
E39
64%
E45
64%
E20
55%
E55
55%
O4
55%
19
45%
26
45%
O2 (København)
45%
O3
45%
11
36%
15
36%
16
36%
18
36%
53
36%
6
36%
8
36%
O2 (Hillerød)
36%
21
27%
40
27%
57
27%
59
27%
9
27%
12
18%
13
18%
14
18%
17
18%
22
18%
23
18%
43
18%
54
18%
35
9%
38
9%
42
9%
47
9%
55
9%
24
0%
25
0%
28
0%
29
0%
30
0%
32
0%
34
0%
41
0%
44
0%
46
0%
52
0%

Score Distribution

Percentile by Number Answered

Percent of People with Each Score

Your Score History

You have not taken this quiz